000 01713nam a2200301Ia 4500
003 OSt
005 20200918103705.0
008 191128t2014 sp adb gr 001 0dspa d
020 _a9788494126710
040 _aCO-JMCR
_cCO-JMCR
041 1 _aspa
_heng
082 0 4 _a909.0492407 /
_bB677p
_223
100 1 _aBotticini, Maristella,
_eautora
_910468
245 1 4 _aLos pocos elegidos :
_bla influencia decisiva de la educación en la historia del pueblo judío, 70-1492 /
_cMaristella Botticini y Zvi Eckstein ; traducción de Victor V. Úbeda
260 _aBarcelona :
_bAntoni Bosch,
_c©2014
300 _a417 páginas :
_bgráficos y mapas a blanco y negro ;
_c23 cm.
500 _aIncluye datos biográficos de los autores e índice analítico.
504 _aBibliografía: páginas 381-409
505 0 _a70 d.C.-1492: ¿Cuántos eran los judíos, y dónde y cómo vivían ? -- ¿Erán los judíos una minoría oprimida? -- El pueblo del libro, 200 a.C.-200 d.C. -- Análisis económico de la alfabetización hebraica en un mundo rural -- Los judíos en la era del Talmud,
520 3 _aEn el año 70 d.C., los judíos eran en su mayor parte campesinos analfabetos que habitaban en la tierra de Israel y Mesopotamia. En 1492 se habían convertido en una pequeña comunidad instruida y desperdigada por una miríada de centros urbanos
534 _pThe Closen Few: How Education Shaped Jewish History, 70-1492
546 _aTraducido del inglés
650 1 4 _aJudíos
_xeducación
_vhistoria
_yHasta 1492
_910469
650 1 4 _aJudíos
_xcondiciones económicas
_yHasta 1492
_910470
700 1 _aEckstein, Zvi,
_eautor
_910471
700 1 _aÚbeda, Víctor V,
_etraductor
_9176
942 _2ddc
_cBK
999 _c4851
_d4851